| 000 | 00421 a2200157 4500 | ||
|---|---|---|---|
| 999 |
_c6684 _d6684 |
||
| 020 | _a970908308811 | ||
| 050 | _aPL8842 SIB 1989 | ||
| 100 |
_aSibanda, J.G _eAuthor |
||
| 245 |
_aInyathelo 1 : _bisendlalelo / _cJ.G. Sibanda and N. Mpofu |
||
| 264 |
_aHarare: _bLongman, _c1989 |
||
| 300 | _a24p. : | ||
| 500 | _aIn Ndebele | ||
| 650 |
_aNdebele _xLanguages |
||
| 700 |
_aMpokfu, N _eAuthor |
||
| 942 |
_2lcc _cBK _h8842 _iSIB _kPL |
||